000 00808nam a2200241 a 4500
005 20240910064309.0
008 010523s1998 r 000 0 eng d
020 _a8427119143
035 _aUPN01000106708
049 _aCG
050 4 _aLB1060
_bA3.3 1999
100 1 _aAlonso, Catalina M.
245 1 4 _aLos estilos de aprendizaje :
_bprocedimientos de diagnóstico y mejora /
_cCatalina M. Alonso, Domingo J. Gallego, Peter Honey.
250 _a4a ed.
260 _aBilbao, Esp.
_bMensajero,
_c[1998].
300 _a222 p. +
_e1 cuadernillo (8 p.) + 1 h. suelta
440 0 _aRecursos e instrumentos psico-pedagógicos ;
_v10
650 4 _aAprendizaje
_92861
650 4 _aPsicología educativa
_95197
700 1 _aGallego, Domingo J.,
_ecoaut.
700 1 _aHoney, Peter,
_ecoaut.
905 _aLibro
999 _c80620
_d80620